Catalog

Record Details

Catalog Search



Yu-Gi-Oh! Arc-V. #2, Turbo duel!! / original ... Read More

Yoshida, Shin,(author.).
Yoshida, Shin,(author.). Miyoshi, Naohito, 1972-(artist.). ... Read More

Available copies

  • 1 of 2 copies available at LARL/NWRL Consortium.

Current holds

0 current holds with 2 total copies.

Show Only Available Copies
Location Call Number / Copy Notes Barcode Shelving Location Status Due Date
Crookston Public Library Y G YOS (Text) 33500012566576 Main Available -
Moorhead Public Library Y G YOS (Text) 33500012566568 Main Checked out 06/02/2026

Record details

  • ISBN: 9781421595207
  • ISBN: 1421595206
  • Physical Description: 1 volume (unpaged) : illustrations ; 20 cm.
  • Edition: Shonen Jump Manga edition.
  • Publisher: San Francisco, CA : VIZ Media, LLC, 2017.

Content descriptions

General Note:
Pages numbered from right to left.
Based on Animation TV series Yu-Gi-Oh Arc-V.
Summary, etc.:
Yuya is an ace Duelist, but his past is a broken ... Read More
Target Audience Note:
Rated T for teen.
Subject: Yu-Gi-Oh! (Game) > Comic books, strips, etc.
Dueling > Comic books, strips, etc.
Augmented reality > Comic books, strips, etc.
Good and evil > Comic books, strips, etc.
Comic books, strips, etc > Japan > Translations into English.
Dueling
Augmented reality.
Good and evil.
Genre: Comic books, strips, etc.
Comics adaptations.
Graphic novels.
Science fiction comics.
Graphic novels.
Comics adaptations.
LDR 02653nam a2200589Ii 4500
001264813
003LARL_NWRL_CONSORTIUM
00520180314201208.0
008170831t20172017caua 6 000 1 eng d
040 . ‡aIUK ‡beng ‡erda ‡cIUK
020 . ‡a9781421595207 ‡q(paperback)
020 . ‡a1421595206 ‡q(paperback)
035 . ‡a(OCoLC)1002310675
0411 . ‡aeng ‡hjpn
08204. ‡a741.5/952 ‡223
1001 . ‡aYoshida, Shin, ‡eauthor.
24510. ‡aYu-Gi-Oh! Arc-V. ‡n#2, ‡pTurbo duel!! / ‡coriginal concept by Kazuki Takahashi ; story by Shin Yoshida ; art by Naohito Miyoshi.
24630. ‡aTurbo duel!!
250 . ‡aShonen Jump Manga edition.
264 1. ‡aSan Francisco, CA : ‡bVIZ Media, LLC, ‡c2017.
300 . ‡a1 volume (unpaged) : ‡billustrations ; ‡c20 cm.
336 . ‡atext ‡btxt ‡2rdacontent
336 . ‡astill image ‡bsti ‡2rdacontent
337 . ‡aunmediated ‡bn ‡2rdamedia
338 . ‡avolume ‡bnc ‡2rdacarrier
4900 . ‡aYu-Gi-Oh! Arc-V ; ‡v2
4900 . ‡aShonen Jump manga
500 . ‡aPages numbered from right to left.
500 . ‡aBased on Animation TV series Yu-Gi-Oh Arc-V.
520 . ‡aYuya is an ace Duelist, but his past is a broken memory even he cannot recall. The fact that he has four separate personalities makes things even more complicated! Now the Leo Corporation is on the hunt for the Genesis Omega Dragon, the card that will decide the fate of the world. Is the secret of this card somewhere within Yuya’s memories? -- ‡cProvided by publisher.
5218 . ‡aRated T for teen.
650 0. ‡aYu-Gi-Oh! (Game) ‡vComic books, strips, etc.
650 0. ‡aDueling ‡vComic books, strips, etc.
650 0. ‡aAugmented reality ‡vComic books, strips, etc.
650 0. ‡aGood and evil ‡vComic books, strips, etc. ‡0(LARL_NWRL_CONSORTIUM)172338
650 0. ‡aComic books, strips, etc ‡zJapan ‡vTranslations into English.
650 7. ‡2fast ‡0(LARL_NWRL_CONSORTIUM)18855 ‡aDueling
650 7. ‡aAugmented reality. ‡2fast ‡0(LARL_NWRL_CONSORTIUM)162713
650 7. ‡aGood and evil. ‡2fast ‡0(LARL_NWRL_CONSORTIUM)178318
655 7. ‡aComic books, strips, etc. ‡2fast
655 7. ‡aComics adaptations. ‡2fast
655 7. ‡aGraphic novels. ‡2fast
655 7. ‡aScience fiction comics. ‡2lcgft
655 7. ‡aGraphic novels. ‡2lcgft
655 7. ‡aComics adaptations. ‡2lcgft
7001 . ‡aYoshida, Shin, ‡eauthor.
7001 . ‡aMiyoshi, Naohito, ‡d1972- ‡eartist.
7001 . ‡aEngel, Taylor, ‡eauthor, ‡etranslator. ‡0(LARL_NWRL_CONSORTIUM)217825
7001 . ‡aWerry, John ‡c(Translator), ‡eauthor, ‡etranslator.
7102 . ‡aHC Language Solutions, ‡etranslator. ‡0(LARL_NWRL_CONSORTIUM)202586
901 . ‡a264813 ‡b ‡c264813 ‡tbiblio

Additional Resources